000 00459nam a2200181Ia 4500
001 8961
005 20260306160648.0
008 260306t2011||||xx |||||||||||||| ||spa||
041 _aESP
082 _a372.1
_bQ61
100 _aQuinto Borghi, Battista
_eAUT
245 0 _aLos talleres en educación infantil:
_bespacios de crecimiento
260 _c2011
300 _a260 páginas :
_c24 cm.
650 _aGEN
654 _aCED
942 _cLIB
_dJUS
_fJUS
_2ddc
_n
999 _c8961
_d8961